Photography As Artistic Experiment : From Fox Talbot to Moholy-Nagy /

Historia del carácter experimental del medio fotográfico, desde los daguerrotipos, a las primeras imágenes en movimiento, a técnicas más elaboradas y complejas de abstracción y fotomontaje. Entre los artistas que se revisan están William Henry Fox Talbot, Eadweard Muybridge, Man Ray, Lászlò Moholy-N...

Celý popis

Uloženo v:
Podrobná bibliografie
Hlavní autor: Rotzler, W. (autor)
Médium: Kniha
Jazyk:angličtina
Vydáno: Nueva York, EUA : Amphoto, 1976, c1976
Edice:(Photography, Men and Movements)
Témata:
Tagy: Přidat tag
Žádné tagy, Buďte první, kdo vytvoří štítek k tomuto záznamu!

MARC

LEADER 00000nam^a2200000^a^4500
001 000354602
005 20250521000000.0
009 20260310115139.72
020 |a 0-8174-0317-5 
037 |a Acervo ITESO - Biblioteca 
041 |a ING 
082 |a 773.  |b ROT 
100 |a Rotzler, W.  |e (autor) 
245 1 0 |a Photography As Artistic Experiment :  |b From Fox Talbot to Moholy-Nagy /  |c W. Rotzler ; tr. por Maureen Oberli-Turner. 
264 4 |a Nueva York, EUA :  |b Amphoto,  |c 1976, c1976 
300 |a 92 p. 
336 |a texto  |b txt  |2 rdacontenido 
337 |a sin mediación  |b n  |2 rdamedio 
338 |a volumen  |b nc  |2 rdasoporte 
440 1 |a (Photography, Men and Movements) 
520 |a Historia del carácter experimental del medio fotográfico, desde los daguerrotipos, a las primeras imágenes en movimiento, a técnicas más elaboradas y complejas de abstracción y fotomontaje. Entre los artistas que se revisan están William Henry Fox Talbot, Eadweard Muybridge, Man Ray, Lászlò Moholy-Nagy, Herbert Bayer, Francis Bruguière, entre otros. 
649 |a XX 
650 |a Fotógrafos Ingleses 
650 |a Fotógrafos Norteamericanos 
650 |a Fotógrafos Húngaros 
650 |a Fotógrafos Austríacos 
650 |a Artistas Ingleses 
650 |a Artistas Norteamericanos 
650 |a Artistas Húngaros 
650 |a Artistas Austríacos 
650 |a Daguerrotipo -  |x Historia y Crítica 
650 |a Fotomontaje -  |x Historia y Crítica 
650 |a Fotografía Cinematográfica -  |x Historia y Crítica 
650 |a Fotografía Experimental -  |x Historia y Crítica -  |x Tema Principal 
650 |a Fotografía en Blanco y Negro -  |x Historia y Crítica 
650 |a Fotografía -  |x Historia y Crítica 
650 |a Arte Abstracto -  |x Historia y Crítica 
650 |a Arte -  |x Historia y Crítica 
650 |a Talbot, William Henry Fox 
650 |a Muybridge, Eadweard 
650 |a Moholy-Nagy, László 
650 |a Bayer, Herbert 
650 |a Bruguière, Francis 
600 |a Ray, Man 
910 |a Fondo Jesús Romero Hernández S.J. 
920 |a Impresos - Libros 
930 |a Fondos Especiales 
905 |a 118 
901 |a 0500247674  |b IT2  |c ESP  |i D67071  |u 20250521 
902 |a https://opac.biblio.iteso.mx/vufind/Record/000354602